Sportives Françaises - Mort Subite - Statistiques

Statistiques générales
  • Ce quiz a été pris 363 fois
  • Le résultat moyen est 8 sur 30
Answers on the Grid
Answers color-coded by a green-red scale on the quiz's grid according to % correct below.
Lou Jeanmonnot
Sandrine Bailly
Wendie Renard
Amandine Henry
Griedge Mbock
Amélie Mauresmo
Laure Manaudou
Marion Bartoli
Céline Dumerc
Julia Simon
Clarisse Agbegnenou
Coralie Balmy
Marie-José Pérec
Lola Lovinfosse
Doriane Pin
Mélanie Meillard
Thu Kamkasomphou
Flora Vautier
Léa Ferney
Johanne Defay
Michèle Mouton
Sarah Bouktit
Safi N'Diaye
Sandra Dimbour
Pauline Ferrand-Prévot
Mélinda Jacques-Szabo
Grace Geyoro
Marie-Pierre Abgrall
Jenna de Rosnay
Armelle Attingré
Tessa Worley
Lilou Massart
Yvette Fontaine
Fabienne Dufour
Delphine Barbason
Pauline Krawczyk
Nyedzi Kpokpoya
Carole Grundisch
Prithika Pavade
Sandrine Aubert
Carolann Héduit
Laura Flessel
Mélanie Mignon
Elisa Gasparin
Marguette Bouvier
Li Xue
Jia Nan Yuan
Anne Cibis
 
Statistiques - réponses
Réponse % Correct
Laure Manaudou
62%
Amandine Henry
59%
Marie-José Pérec
58%
Wendie Renard
57%
Amélie Mauresmo
52%
Pauline Ferrand-Prévot
52%
Clarisse Agbegnenou
48%
Laura Flessel
46%
Marion Bartoli
45%
Julia Simon
43%
Lou Jeanmonnot
38%
Céline Dumerc
31%
Tessa Worley
26%
Griedge Mbock
25%
Doriane Pin
23%
Coralie Balmy
16%
Sandrine Bailly
16%
Michèle Mouton
14%
Flora Vautier
12%
Prithika Pavade
10%
Sandrine Aubert
10%
Sarah Bouktit
10%
Safi N'Diaye
9%
Johanne Defay
5%
Léa Ferney
4%
Lola Lovinfosse
3%
Carolann Héduit
2%
Carole Grundisch
2%
Nyedzi Kpokpoya
2%
Sandra Dimbour
1%
Aucun quiz correspondant
Distribution des résultats
% des personnes avec chaque résultat
Percentile par nombre de réponses
Votre historique - résultats
Vous n’avez pas pris ce quiz